000 00979nam a2200217 a 4500
001 000020500
005 20200930011123.0
008 100322s2010 mx 000 0 spa d
020 _a9786070207518
040 _aDO-SdBNP
_bspa
_cBNPHU
082 _axxxx
_bP861
245 0 0 _aPotencialidades de investigación y docencia iberoamericanas en ciencias bibliotecológica y de la información. Memoria /
_ccoordinador Salvador Gorbea Portal ; prólogo Elías Sanz Casado.
260 _aMéxico :
_bUniversidad Nacional Autónoma de México,
_c2010.
300 _a513 p. : ;
_c22 cm.
490 0 _aSistemas bibliotecarios de información y sociedad
490 0 _aCentro Universitario de Investigaciones Bibliotecológicas
700 1 _aGorbea Portal, Salvador
_ecoordinador
_943203
700 1 _aSanz Casado, Elías
_eprol.
_943204
830 0 _aSistemas bibliotecarios de información y sociedad
_943205
830 0 _aCentro Universitario de Investigaciones Bibliotecológicas
_943206
999 _c20004
_d20004